| 000 | 01283cam a2200133 4500500 | ||
|---|---|---|---|
| 005 | 20260405085557.0 | ||
| 041 | _afre | ||
| 042 | _adc | ||
| 100 | 1 | 0 |
_aGuicheteau, Samuel _eauthor |
| 245 | 0 | 0 | _aLes ouvriers en France 1700-1835 : 1700-1835 |
| 260 |
_bArmand Colin,
_c2014. |
||
| 520 | _aDès 1700, les ouvriers sont nombreux dans la société française. Hommes et femmes, ruraux et citadins, ils présentent une grande diversité et ne se sentent pas appartenir à une même classe : il existe donc des mondes ouvriers. Cependant les ouvriers développent au travail des pratiques comparables fondées sur la qualification et l’autonomie. Ils partagent aussi l’expérience de l’industrialisation, des Lumières, de la Révolution française et de celle de 1830. Cet ouvrage met en lumière le façonnement de l’identité des ouvriers et leur rôle dans les évolutions de la société française, du début du XVIIIe siècle à celui du XIXe siècle. En 1835, la question ouvrière est devenue essentielle. En nous présentant la genèse de la société industrielle, l’auteur nous donne des clés pour comprendre le monde du travail contemporain. | ||
| 856 | 4 | 1 | _uhttps://shs.cairn.info/les-ouvriers-en-france--9782200277420?lang=fr&redirect-ssocas=7080 |
| 999 |
_c2198657 _d2198657 |
||